Countries without 50 countries random - Statistics

General Stats
  • This quiz has been taken 47 times
  • The average score is 44 of 50
Answers on the Map
Answers color-coded by a green-red scale on the quiz's map according to % correct below.
 
Answer Stats
Country % Correct
Afghanistan
100%
Albania
100%
Algeria
100%
Angola
100%
Argentina
100%
Armenia
100%
Australia
100%
Austria
100%
Azerbaijan
100%
Bahamas
100%
Belarus
100%
Belgium
100%
Benin
100%
Bhutan
100%
Bolivia
100%
Bosnia and Herzegovina
100%
Botswana
100%
Brazil
100%
Bulgaria
100%
Burkina Faso
100%
Burundi
100%
Cambodia
100%
Cameroon
100%
Canada
100%
Cape Verde
100%
Central African Republic
100%
Chile
100%
China
100%
Colombia
100%
Comoros
100%
Costa Rica
100%
Croatia
100%
Cuba
100%
Cyprus
100%
Czech Republic
100%
Democratic Republic of the Congo
100%
Denmark
100%
Dominica
100%
Dominican Republic
100%
Ecuador
100%
Egypt
100%
El Salvador
100%
Eritrea
100%
Estonia
100%
Eswatini
100%
Ethiopia
100%
Federated States of Micronesia
100%
Fiji
100%
Finland
100%
France
100%
Gabon
100%
Gambia
100%
Georgia
100%
Germany
100%
Ghana
100%
Greece
100%
Guatemala
100%
Guinea-Bissau
100%
Guyana
100%
Haiti
100%
Honduras
100%
Hungary
100%
Iceland
100%
India
100%
Indonesia
100%
Iran
100%
Iraq
100%
Ireland
100%
Israel
100%
Italy
100%
Ivory Coast
100%
Japan
100%
Jordan
100%
Kazakhstan
100%
Kenya
100%
Kiribati
100%
Kosovo
100%
Kuwait
100%
Kyrgyzstan
100%
Laos
100%
Latvia
100%
Lesotho
100%
Liberia
100%
Libya
100%
Lithuania
100%
Luxembourg
100%
Madagascar
100%
Malawi
100%
Malaysia
100%
Mali
100%
Malta
100%
Marshall Islands
100%
Mauritania
100%
Mauritius
100%
Mexico
100%
Moldova
100%
Monaco
100%
Mongolia
100%
Morocco
100%
Mozambique
100%
Myanmar
100%
Namibia
100%
Nauru
100%
Nepal
100%
Netherlands
100%
New Zealand
100%
Nicaragua
100%
Niger
100%
Nigeria
100%
North Korea
100%
North Macedonia
100%
Oman
100%
Pakistan
100%
Palau
100%
Panama
100%
Papua New Guinea
100%
Paraguay
100%
Peru
100%
Philippines
100%
Poland
100%
Republic of the Congo
100%
Romania
100%
Russia
100%
Rwanda
100%
São Tomé and Príncipe
100%
Saudi Arabia
100%
Senegal
100%
Serbia
100%
Seychelles
100%
Sierra Leone
100%
Slovakia
100%
Slovenia
100%
Solomon Islands
100%
Somalia
100%
South Africa
100%
South Korea
100%
South Sudan
100%
Spain
100%
Sri Lanka
100%
Sudan
100%
Suriname
100%
Sweden
100%
Switzerland
100%
Syria
100%
Taiwan
100%
Tajikistan
100%
Tanzania
100%
Thailand
100%
Togo
100%
Trinidad and Tobago
100%
Tunisia
100%
Turkey
100%
Turkmenistan
100%
Tuvalu
100%
Uganda
100%
United Kingdom
100%
United States
100%
Uruguay
100%
Vanuatu
100%
Venezuela
100%
Vietnam
100%
Yemen
100%
Zambia
100%
Zimbabwe
100%
East Timor
75%
Saint Lucia
75%
United Arab Emirates
75%
Belize
67%
Djibouti
67%
Maldives
67%
Tonga
67%
Antigua and Barbuda
50%
Barbados
50%
Brunei
50%
Chad
50%
Lebanon
50%
Qatar
50%
Samoa
50%
Singapore
50%
San Marino
40%
Andorra
33%
Liechtenstein
33%
Bahrain
0%
Bangladesh
0%
Equatorial Guinea
0%
Grenada
0%
Guinea
0%
Jamaica
0%
Montenegro
0%
Norway
0%
Portugal
0%
Saint Kitts and Nevis
0%
Saint Vincent and the Grenadines
0%
Ukraine
0%
Uzbekistan
0%
Vatican City
0%
No matching quizzes found
Score Distribution
Percent of People with Each Score
Percentile by Number Answered
Your Score History
You have not taken this quiz